000 00959nam0a22002531 4500
001 rc\3358353
005 20260407091338.0
021 _aRU
_bРг5646-72
021 _aRU
_b72-6190
035 _a(NLR Aleph) 007440447
090 _a7109806
_c7109806
100 _a20130115d1972 |||y0rusy50 ca
101 0 _arus
102 _aRU
105 _ay z |||||
200 1 _aАннотации докладов
_fМ-во здрав. РСФСР. Ленингр. сан.-гигиен. мед. ин-т. Межкафедр. науч. конференции терапевт. кафедр... Июнь-сент. 1971 г.
210 _aЛенинград
_cБ. и.
_d1972
215 _a31 с.
_d20
710 0 2 _aЛенинградский санитарно-гигиенический медицинский институт
_9305452
_3RU\NLR\AUTH\8816156
801 0 _aRU
_bNLR
_gpsbo
801 1 _aRU
_bELAR
_2rusmarc
852 _aNLR
_j72-4/9378
942 _cBOOK
980 _aNB